000 00303nam a2200121Ia 4500
008 241028s9999 xx 000 0 und d
041 _aeng
082 _a650.142 KEN
100 _aKennedy
245 _aJob Search Letters For Dummies
260 _bWiley India
_aNew Delhi
_c2013
300 _a340;. P. 23 cm
999 _c43057
_d43057